Cambios en la Sociedad Cubana desde los noventa /
Salvato in:
| Autore principale: | |
|---|---|
| Altri autori: | , , |
| Natura: | testo |
| Lingua: | Spanish |
| Pubblicazione: |
Washington:
Woodrow Wilson International Center for Scholars
|
| Soggetti: | |
| Tags: |
Aggiungi Tag
Nessun Tag, puoi essere il primo ad aggiungerne!!
|
MARC
| LEADER | 00000 a a2200000 04500 | ||
|---|---|---|---|
| 001 | 33113 | ||
| 003 | cru CIDCACS/IIS | ||
| 005 | 20180915062529.0 | ||
| 008 | 170811b xxu||||| |||| 00| 0 spa d | ||
| 999 | |c 2112 |d 2112 | ||
| 040 | |c cru CIDCACS/IIS | ||
| 090 | |a 206507 | ||
| 100 | |a Tulchin, Joseph S. | ||
| 245 | |a Cambios en la Sociedad Cubana desde los noventa / |c Joseph S. Tulchin | ||
| 260 | |a Washington: |b Woodrow Wilson International Center for Scholars | ||
| 300 | |a 362 p. | ||
| 650 | |a CUBA | ||
| 650 | |a CIENCIAS SOCIALES | ||
| 650 | |a CONDICIONES SOCIALES | ||
| 650 | |a INVESTIGACION SOCIAL | ||
| 650 | |a SOCIEDAD CIVIL | ||
| 650 | |a RELIGION | ||
| 650 | |a PARTICIPACION POLITICA | ||
| 650 | |a PROBLEMAS SOCIALES | ||
| 650 | |a CAMBIO SOCIAL | ||
| 650 | |a ANALISIS SOCIOLOGICO | ||
| 700 | 1 | |a Bobea Lilliam |9 5157 | |
| 700 | 1 | |9 5158 |a Espina Prieto, Mayra | |
| 700 | 1 | |a Hernández López, Rafael Alonso |9 1043 | |
| 942 | |2 ddc |c PP | ||
